UBT Library

The perpetual enterprise machine (Record no. 1192)

000 -LEADER
fixed length control field 00662nam a22001937a 4500
008 - FIXED-LENGTH DATA ELEMENTS--GENERAL INFORMATION
fixed length control field 150930b xxu||||| |||| 00| 0 eng d
020 ## - INTERNATIONAL STANDARD BOOK NUMBER
International Standard Book Number 0195080521
041 0# - LANGUAGE CODE
Language code of text/sound track or separate title eng
080 ## - UNIVERSAL DECIMAL CLASSIFICATION NUMBER
Universal Decimal Classification number 658.62
245 04 - TITLE STATEMENT
Title The perpetual enterprise machine
Statement of responsibility, etc H. Kent Bowen ... [et al.].
260 ## -
-- New York :
-- Oxford University Press,
-- 1994.
300 ## -
-- 436 f. :
-- me il.;
-- 25 cm.
650 #0 -
-- Menaxhimi i projekteve
650 #0 -
-- Produktet e reja
650 #0 -
-- Industria e prodhimit
700 1# -
-- Bowen, H. Kent.
700 1# -
-- ebrary, Inc.
942 ## - ADDED ENTRY ELEMENTS (KOHA)
Source of classification or shelving scheme
Item type Books
Holdings
Withdrawn status Lost status Source of classification or shelving scheme Damaged status Not for loan Collection code Permanent location Current location Shelving location Date acquired Total Checkouts Full call number Barcode Date last seen Koha item type
          Koleksioni i përgjithshem UBT - Lipjan UBT - Lipjan Koleksioni i përgjithshem 09/30/2015   658.62 BOW 002-008114 09/30/2015 Books
UBT Library © 2015-2024. All rights reserved University Education for Business and Technology